| 000 | 00830nas a2200277 4500 | ||
|---|---|---|---|
| 001 | BR0500815 | ||
| 003 | BR-BrBNA | ||
| 005 | 20231205105149.0 | ||
| 007 | ta | ||
| 008 | 230509b bl.|||p| |||| 00| 00por d | ||
| 040 |
_aBR-BrBNA _bpor _cBiblioteca Nacional de Agricultura |
||
| 041 | _a(Pt) | ||
| 072 | _aL40; L74 | ||
| 100 | 1 | _aCulan, P. de O.V. | |
| 100 | 1 | _aOliveira, J.C.D. | |
| 100 | 1 | _aReckziegel, S.H. | |
| 100 | 1 | _aLindemann, T. | |
| 245 | 1 | _aOrigem ectópica da artéria subclávica direita e do tronco bicarotídeo no cão | |
| 650 | _aCÃO | ||
| 650 | _aARTÉRIA | ||
| 650 | _aDISTÚRBIO ANIMAL | ||
| 650 | _aRIO GRANDE DO SUL | ||
| 773 | 0 |
_tCiência Rural (Brazil) _xISSN 0103-8478 _g(Sep-Oct 2004), v. 34(5) p. 1615-1618 _wBR0500815 |
|
| 909 |
_a202311 _bLúcia _c55 _dLúcia Elande |
||
| 942 |
_2AGRIS _n0 _cANA |
||
| 999 |
_c181560 _d181560 |
||